Hot Actresses 35 and under Quiz Stats

 Plays Quiz not verified by Sporcle

Challenge
Share
Tweet
Embed
Score 0/40 Timer 05:00
0 Plays Today
Movie/TV Show Actress % Correct
The Book of EliMila Kunis
81.2%
Fantastic FourJessica Alba
71.1%
The IslandScarlett Johansson
66%
ElfZooey Deschanel
57.4%
Mr. Magorium's Wonder EmporiumNatalie Portman
52.8%
BonesEmily Deschanel
51.8%
X-Men: First ClassJennifer Lawrence
50.8%
ZombielandEmma Stone
50.8%
Pride and PrejudiceKeira Knightley
49.7%
Forgetting Sarah MarshallKristen Bell
41.6%
Green LanternBlake Lively
40.1%
JumanjiKirsten Dunst
39.1%
8 Simple RulesKaley Cuoco
36%
GleeLea Michele
35%
The Tale of DespereauxEmma Watson
33.5%
Red Riding HoodAmanda Seyfried
33%
Whip ItEllen Page
31.5%
You, Me, and DupreeKate Hudson
27.9%
HouseOlivia Wilde
27.4%
Alice In WonderlandAnne Hathaway
25.9%
Movie/TV Show Actress % Correct
That 70's ShowLaura Prepon
25.4%
I Love You, Beth Cooper!Hayden Panettiere
20.3%
I Am Number FourDianna Agron
20.3%
Gilmore GirlsAlexis Bledel
19.3%
Once Upon A TimeJennifer Morrison
17.3%
Country StrongLeighton Meester
17.3%
The AvengersCobie Smulders
16.2%
DrumlineZoe Saldana
14.7%
RentRosario Dawson
13.7%
GleeNaya Rivera
13.7%
Real SteelEvangeline Lilly
12.7%
Paul Blart: Mall CopJayma Mays
9.6%
FringeAnna Torv
9.1%
The Sorcerer's ApprenticeTeresa Palmer
9.1%
Friday Night Lights (TV Series)Minka Kelly
8.6%
Saturday Night LiveVanessa Bayer
2%
Saturday Night LiveNasim Pedrad
1.5%
Take Me Home TonightMichelle Trachtenberg
1.5%
Scream 4Aimee Teegarden
1%
A Walk To RememberLauren German
0.5%

You're not logged in!

Compare scores with friends on all Sporcle quizzes.
OR
Log In

You Might Also Like...

Show Comments

Extras

Top Quizzes Today


Score Distribution

Your Account Isn't Verified!

In order to create a playlist on Sporcle, you need to verify the email address you used during registration. Go to your Sporcle Settings to finish the process.

Report this User

Report this user for behavior that violates our Community Guidelines.

Details: